[Event "Valencia Region-ch Primera"]
[Site "Valencia"]
[Date "2015.10.24"]
[Round "3.3"]
[White "Trigueros Torres, Noel"]
[Black "Garrigues Pinazo, Jorge Ignacio"]
[Result "1-0"]
[WhiteElo "1774"]
[BlackElo "1678"]
[PlyCount "110"]
[EventDate "2015.10.03"]
[EventType "swiss"]
[EventRounds "7"]
[EventCountry "ESP"]
[SourceTitle "EXT 2024"]
[Source "ChessBase"]
[SourceDate "2023.10.10"]
[SourceVersion "1"]
[SourceVersionDate "2023.10.10"]
[SourceQuality "1"]

1. d4 Nf6 2. Nf3 g6 3. Nc3 Bg7 4. Bf4 d6 5. e3 Nbd7 6. Be2 a6 7. h4 h5 8. Qd2 c5 9. 0-0 b5 10. dxc5 Nxc5 11. Ng5 Bb7 12. a3 Rc8 13. f3 e5 14. Bg3 0-0 15. Rfd1 Ne8 16. e4 f6 17. b4 fxg5 18. bxc5 gxh4 19. Bf2 Qa5 20. cxd6 Rd8 21. Bc5 Nf6 22. Qe3 Nd7 23. Nd5 Nxc5 24. Qxc5 Bxd5 25. Qxd5+ Kh7 26. c4 Qc3 27. Qd2 Qxd2 28. Rxd2 bxc4 29. Bxc4 Rf6 30. d7 Bh6 31. Rd3 Rc6 32. Bf7 Kg7 33. Be8 Kf6 34. Rad1 Bf8 35. Kh2 Bc5 36. Kh3 Bd4 37. Kxh4 Rc2 38. Kh3 g5 39. Rxd4 exd4 40. Rxd4 g4+ 41. Kg3 gxf3 42. gxf3 Rc3 43. Rd6+ Kg5 44. Rd5+ Kf6 45. Rxh5 Rxa3 46. Rc5 a5 47. e5+ Ke7 48. Kg4 Ra1 49. f4 a4 50. Ra5 a3 51. f5 a2 52. f6+ Kf8 53. e6 Rg1+ 54. Kh3 Rxe8 55. dxe8Q+ Kxe8 1-0

[Event "Provincial-ch Valencia Primera"]
[Site "Valencia"]
[Date "2014.10.04"]
[Round "2.9"]
[White "Gasco Navarro, Miguel Angel"]
[Black "Garrigues Pinazo, Jorge Ignacio"]
[Result "1/2-1/2"]
[WhiteElo "1564"]
[BlackElo "1779"]
[PlyCount "67"]
[EventDate "2014.09.27"]
[EventType "swiss"]
[EventRounds "7"]
[EventCountry "ESP"]
[SourceTitle "EXT 2024"]
[Source "ChessBase"]
[SourceDate "2023.10.10"]
[SourceVersion "1"]
[SourceVersionDate "2023.10.10"]
[SourceQuality "1"]

1. e4 c6 2. Nc3 d5 3. d4 dxe4 4. Nxe4 Bf5 5. Ng3 Bg6 6. Nf3 Nd7 7. Bd3 Bxd3 8. Qxd3 Ngf6 9. Bf4 Nd5 10. Bd2 e6 11. Ne5 Nb4 12. Qb3 a5 13. Bxb4 axb4 14. 0-0 Be7 15. c3 Nxe5 16. dxe5 Qd5 17. f4 Qxb3 18. axb3 0-0 19. Ne4 Rfd8 20. cxb4 Rxa1 21. Rxa1 Bxb4 22. Ra7 Rb8 23. Kf2 Kf8 24. Ke3 Ke7 25. Kd4 Kd7 26. Kc4 Be7 27. Ng5 Bxg5 28. fxg5 Kc7 29. Ra1 Rd8 30. Kc3 Kb8 31. Rf1 Rd7 32. h4 b6 33. h5 g6 34. hxg6 1/2-1/2

[Event "Provincial-ch Valencia Segunda"]
[Site "Valencia"]
[Date "2013.11.02"]
[Round "4.1"]
[White "Garrigues Pinazo, Jorge Ignacio"]
[Black "Polo Lluch, Esteban"]
[Result "1-0"]
[WhiteElo "1741"]
[BlackElo "1543"]
[PlyCount "95"]
[EventDate "2013.10.05"]
[EventType "swiss"]
[EventRounds "7"]
[EventCountry "ESP"]
[SourceTitle "EXT 2024"]
[Source "ChessBase"]
[SourceDate "2023.10.10"]
[SourceVersion "1"]
[SourceVersionDate "2023.10.10"]
[SourceQuality "1"]

1. e4 e6 2. d4 d5 3. e5 c5 4. c3 Nc6 5. Nf3 Bd7 6. Bd3 c4 7. Bc2 b5 8. 0-0 Nge7 9. Nbd2 Qb6 10. b3 Ng6 11. bxc4 bxc4 12. a4 a5 13. Rb1 Qc7 14. Re1 Be7 15. Nf1 0-0 16. Ng5 Bxg5 17. Bxg5 Rab8 18. Qe2 Nb4 19. cxb4 axb4 20. Bxg6 fxg6 21. Be7 b3 22. Bxf8 Rxf8 23. Rec1 Qa7 24. Qe3 Qxa4 25. Qc3 Qa7 26. Ne3 Rb8 27. h3 Qb6 28. Rb2 Ra8 29. Rcb1 Ra4 30. Nd1 Ra7 31. Rd2 Ra2 32. Kh2 Rxd2 33. Qxd2 Ba4 34. Nc3 Qa5 35. Rb2 Be8 36. Ne2 Qd8 37. g3 g5 38. Qc3 Bg6 39. f4 Qf8 40. Qd2 Be4 41. Nc3 Bd3 42. Kg2 Qf5 43. Qe3 gxf4 44. Qxf4 Be4+ 45. Nxe4 Qxf4 46. gxf4 dxe4 47. Kf2 Kf7 48. Ke3 1-0